书目信息 |
| 题名: |
未来与发展
|
|
| 作者: | ;中国未来研究会 , 《未来与发展》编辑部 编 | |
| 分册: | 二 | |
| 出版信息: | 北京 科学普及出版社 |
|
| 页数: | 64页 | |
| 开本: | 26cm | |
| 丛书名: | ||
| 单 册: | ||
| 中图分类: | N55 | |
| 科图分类: | ||
| 主题词: | ||
| 电子资源: | ||
| ISBN: | ||
| 000 | 00635nam0 2200181 45 | |
| 001 | 0181011655 | |
| 005 | 20060523102112.29 | |
| 010 | @dCNY0.41 | |
| 100 | @a20810111d km y0chiy0120 ea | |
| 101 | 0 | @achi |
| 200 | 1 | @a未来与发展@Awei lai yu fa zhan@h二@f中国未来研究会,《未来与发展》编辑部编@Fzhong guo wei lai yan jiu hui,《wei lai yu fa zhan》bian ji bu bian |
| 210 | @a北京@c科学普及出版社 | |
| 215 | @a64页@d26cm | |
| 690 | @aN55 | |
| 711 | 0 | @a中国未来研究会@Azhong guo wei lai yan jiu hui@4编 |
| 711 | 0 | @a《未来与发展》编辑部@A《wei lai yu fa zhan》bian ji bu@4编 |
| 801 | @aCN@bTSTC@c20060523 | |
| 905 | @dN55@e102:2@f2@b74531-32 | |
| 未来与发展.二/中国未来研究会,《未来与发展》编辑部编.-北京:科学普及出版社 |
| 64页;26cm |
| ISBN :CNY0.41 |
| ● |
| 相关链接 |
|
|
|
|
正题名:未来与发展
索取号:N55/102:2
 
预约/预借
| 序号 | 登录号 | 条形码 | 馆藏地/架位号 | 状态 | 备注 |
| 1 | 0074531 | 202376650 | 密集书库/ [索取号:N55/102:2] | 在馆 | |
| 2 | 0074532 | 202376614 | 密集书库/ [索取号:N55/102:2] | 在馆 |